000 00641nam a2200265Ia 4500
005 20260306164114.0
008 008 260114s9999 xx 000 0 eng d
020 _a9781474434966
037 _aEBOOK
040 _aCRL
040 _beng
040 _cCRL
041 _2eng
041 _aeng
084 _qCRL
100 _aGreenstine, Johnson
_91130010
245 0 _aContemporary Encounters With Ancient Metaphysics
260 _bEdinburgh University Press
260 _c2018
650 _aPhilosophy
856 _uhttps://academic.oup.com/book/18073
942 _cEBOOK
999 _c1712772
_d1712772